<?xml version="1.0" encoding="UTF-8"?><?xml-stylesheet type="text/xsl" href="static/style.xsl"?><OAI-PMH xmlns="http://www.openarchives.org/OAI/2.0/" xmlns:xsi="http://www.w3.org/2001/XMLSchema-instance" xsi:schemaLocation="http://www.openarchives.org/OAI/2.0/ http://www.openarchives.org/OAI/2.0/OAI-PMH.xsd"><responseDate>2026-04-14T18:32:14Z</responseDate><request verb="GetRecord" identifier="oai:uvadoc.uva.es:10324/57331" metadataPrefix="marc">https://uvadoc.uva.es/oai/request</request><GetRecord><record><header><identifier>oai:uvadoc.uva.es:10324/57331</identifier><datestamp>2023-10-30T09:25:43Z</datestamp><setSpec>com_10324_38</setSpec><setSpec>col_10324_852</setSpec></header><metadata><record xmlns="http://www.loc.gov/MARC21/slim" xmlns:doc="http://www.lyncode.com/xoai" xmlns:xsi="http://www.w3.org/2001/XMLSchema-instance" xmlns:dcterms="http://purl.org/dc/terms/" xsi:schemaLocation="http://www.loc.gov/MARC21/slim http://www.loc.gov/standards/marcxml/schema/MARC21slim.xsd">
<leader>00925njm 22002777a 4500</leader>
<datafield tag="042" ind1=" " ind2=" ">
<subfield code="a">dc</subfield>
</datafield>
<datafield tag="720" ind1=" " ind2=" ">
<subfield code="a">Folgado Gómez, Laura</subfield>
<subfield code="e">author</subfield>
</datafield>
<datafield tag="260" ind1=" " ind2=" ">
<subfield code="c">2022</subfield>
</datafield>
<datafield tag="520" ind1=" " ind2=" ">
<subfield code="a">El trabajo de Fin de Grado que se expone a continuación es un estudio &#xd;
comparativo de la liquidez, rentabilidad y eficiencia de las entidades bancarias &#xd;
del sistema financiero continental con respecto a las del sistema financiero &#xd;
anglosajón. En primer lugar, se realiza un análisis del sistema financiero de cada &#xd;
uno de los países continentales (España y Francia) y también de Estados Unidos &#xd;
y Reino Unido (países anglosajones); teniendo en cuenta sus particularidades &#xd;
más destacadas. Más tarde, las Fintech se vuelven relevantes debido a su &#xd;
impacto en el sistema bancario. En siguiente lugar, se realiza el análisis &#xd;
comparativo mediante la utilización de nueve ratios que miden la liquidez, &#xd;
rentabilidad y eficiencia de los distintos países. Asimismo, se comparan los &#xd;
diferentes países por períodos temporales entre 2012-2016 y de 2017-2021 con &#xd;
el uso del programa informático Statgraphics Centurion</subfield>
</datafield>
<datafield tag="024" ind2=" " ind1="8">
<subfield code="a">https://uvadoc.uva.es/handle/10324/57331</subfield>
</datafield>
<datafield ind1=" " ind2=" " tag="653">
<subfield code="a">Finanzas</subfield>
</datafield>
<datafield tag="245" ind1="0" ind2="0">
<subfield code="a">Liquidez, eficiencia y rentabilidad de  los sistemas financieros continental y  anglosajón. Un análisis comparativo.</subfield>
</datafield>
</record></metadata></record></GetRecord></OAI-PMH>